Lambadi tribes leadership in telangana / (Record no. 140616)

MARC details
000 -LEADER
fixed length control field 00577nam a22001937a 4500
005 - DATE AND TIME OF LATEST TRANSACTION
control field 20170531142110.0
010 ## - LCCN (DPL NO)
LC control number ENG-118480
020 ## - INTERNATIONAL STANDARD BOOK NUMBER
International Standard Book Number 9789382968610
Terms of availability 495.00
035 ## - SYSTEM CONTROL NUMBER
System control number EN-102012
037 ## - SOURCE OF ACQUISITION
Source of stock number/acquisition DBAD/PUB
082 ## - DEWEY DECIMAL CLASSIFICATION NUMBER
Classification number 307.77235
100 ## - MAIN ENTRY--PERSONAL NAME
Personal name Veeranna,G.
245 ## - TITLE STATEMENT
Title Lambadi tribes leadership in telangana /
Statement of responsibility, etc by G. Veeranna
260 ## - PUBLICATION, DISTRIBUTION, ETC. (IMPRINT)
Place of publication, distribution, etc New Delhi
Name of publisher, distributor, etc Avni Publications
Date of publication, distribution, etc 2017
270 ## - ADDRESS
Address RZ-45D,Street N0-2,Main Sagarpur
City New Delhi
Postal code 110046
300 ## - PHYSICAL DESCRIPTION
Extent xiii,127p.
Dimensions 22cm(Hb)
500 ## - GENERAL NOTE
General note Includes index
942 ## - ADDED ENTRY ELEMENTS (KOHA)
Source of classification or shelving scheme Dewey Decimal Classification
Item type English Books
Call number suffix VEE
Classification part 307.77235
Holdings
Withdrawn status Lost status Not for loan Collection code Home library Current library Date acquired Source of acquisition Cost, normal purchase price Full call number Barcode Copy number Cost, replacement price Koha item type
    Not For Loan Non-fiction D.B.Act.Division Bawana 31/05/2017 DBAD/PUB 495.00 307.77235 VEE EN-102012 1 495.00 English Books

© Delhi Public Library
Hit Counter
free hit counter